00706nam a2200181 a 450000100100000000500170001000800410002702000180006804000250008608200150011110000260012624500510015226000410020330000360024495201130028095201140039399900170050700002932120200930055457.0110414s2010 dr ac 000 0 spa d a9789962040323 aDO-SdBNPbspacBNPHU axxxbF175b1 aFajardo, Julio95620513aLa biblia de la arquitectura /cJulio Fajardo. aBarcelona, España :bLexus,c2010. a591 p. :bil., retrs. ;c28 cm. 0010718PDaGRbGRcCTd2012-11-06iLF1l0oxxx F175bp29321-60r2020-06-25w2020-06-25yLFPDZNo se presta 00107-18PDaPDbPDcOId2011-04-14iLF1l0oxxx F175bp29322-10r2020-06-25w2020-06-25yLFPDZNo se presta c28813d28813